000 07955nam a22006617a 4500
008 090225t xxu||||| |||| 00| 0 eng d
010 _aB-278833-868
020 _a9781401915476
_c£4.99 (438.10)
020 _c£4.99 (438.10)
035 _aB-278833-868
037 _bSuper Book
040 _adpl
_bEnglish
082 _a649.5
100 _aOrange, Teresa
245 _aHow to stop your kids watching too much TV, spending hours on the computer, wasting days on the game boy and endlessly texting friends, etc:
_cby Teresa Orange [and] Louise O' Flynn
_btop tips for every parent /
250 _a.
260 _aNew Delhi
_bHay House Publishers India
_c2007
270 _aMuskan Complex, Plot No. 3, B-2, Vasant Kunj,
_bNew Delhi
_e110070
_k91-11-4176-1620
_l91-11-4176-1630
_mwww.hayhouse.co.in
300 _axv, 180p.
_c22cm(pbk)
942 _2ddc
_cEN
_mORA
_h649.5
999 _c25391
_d25391